| 000 | 00373nam a2200145Ia 4500 | ||
|---|---|---|---|
| 008 | 240624s9999 xx 000 0 und d | ||
| 041 | _aeng | ||
| 082 | _a004.6 CIS | ||
| 100 | _aCISCO SYSTEMS INC | ||
| 245 | _aCISCO NETWORKING ACADEMY PROGRAM CCNP 2 | ||
| 250 | _a(2nd ed.) | ||
| 260 |
_c2004 _aDelhi _bPearson Education |
||
| 300 | _axiii, : 174 : cm. ; 28 | ||
| 365 | _cRS | ||
| 999 |
_c1819 _d1819 |
||